Statystyki dla Największe wyspy śródziemnomorskie

Kliknij tutaj aby rozwiązać quiz!

Ogólne statystyki

  • Ten quiz został rozwiązany 6 202 razy
  • Średni wynik to 8 z 20

Statystyki odpowiedzi

km2KrajWyspa% Poprawnych
25 460WłochySycylia
91%
8 312GrecjaKreta
89%
23 813WłochySardynia
84%
9 251------Cypr
78%
8 681FrancjaKorsyka
75%
3 640HiszpaniaMajorka
65%
1 398GrecjaRodos
57%
577HiszpaniaIbiza
48%
694HiszpaniaMinorka
39%
1 630GrecjaLesbos
31%
592GrecjaKorfu
29%
406GrecjaZakintos
20%
781GrecjaKefalinia
15%
476GrecjaLimnos
13%
523TunezjaDżerba
11%
842GrecjaChios
10%
3 655GrecjaEubea
10%
406ChorwacjaCres
9%
428GrecjaNaksos
9%
476GrecjaSamos
9%

Rozkład punktacji

Percentyl według liczby udzielonych odpowiedzi

Procent ludzi z każdym wynikiem

Twoja historia wyników

Nie rozwiązałeś tego quizu